000 00329nam a2200121Ia 4500
008 210430s9999 xx 000 0 und d
082 _a572 V8729 F
100 _aDonald Voet
245 _aFundamentals of Biochemistry
_cDonald Voet
260 _aIslamabad
_bNational Book Foundation
_c2006
300 _a1130p
942 _cBK
_2ddc
999 _c562617
_d562617